000 00816cam a22002533a 4500
001 22281
003 PGUSA
005 20140828083456.0
008 070808s2007||||xxu|||||s|||||000 | eng d
040 _aPGUSA
_beng
042 _adc
050 4 _aPR
100 1 _aNeilson, William Allan,
_d1869-1946
245 1 4 _aThe Facts About Shakespeare
_h[electronic resource] /
_cWilliam Allan Neilson
260 _bProject Gutenberg,
_c2007
506 _aPublic domain in the USA.
516 _aElectronic text
653 _aDramatists, English -- Early modern, 1500-1700 -- Biography
653 _aShakespeare, William, 1564-1616
653 _aShakespeare, William, 1564-1616 -- Criticism and interpretation
830 0 _aProject Gutenberg
_v22281
856 4 0 _uhttp://www.gutenberg.org/ebooks/22281
942 _cEB
999 _c251536
_d251536